|
|
|
|
| LEADER |
00000nab a2200000 a 4500 |
| 001 |
vtls000867033 |
| 003 |
SK-MaSNL |
| 005 |
20260318140651.0 |
| 008 |
040806c2004 xo 0 hun |
| 015 |
|
|
|a SNBRB2004/03-09824
|
| 035 |
|
|
|a CLN000218585
|
| 040 |
|
|
|a SNKBUCL
|b slo
|c SNKBUCL
|e AACR2
|
| 041 |
0 |
|
|a slo
|
| 044 |
|
|
|a xo
|c SK
|
| 080 |
|
|
|a 725.87:373.3(437.6)(=511.141)
|2 UDC-MRF-SK2
|
| 080 |
|
|
|a 373.3(437.6)(=511.141)
|2 UDC-MRF-SK2
|
| 245 |
0 |
0 |
|a Sikertörténet kicsiben
|b saját tanmedence Komárom egyik alapiskolájában
|c [szerző] (hernádi)
|
| 610 |
2 |
7 |
|a Základná škola s vyučovacím jazykom maďarským, Ul. práce (Komárno, Slovensko)
|2 snkbucl
|9 1128575
|
| 650 |
0 |
7 |
|a plavárne
|2 snkbucl
|9 22078
|
| 651 |
|
7 |
|a Komárno (Slovensko)
|2 snkbucl
|9 39168
|
| 773 |
0 |
|
|x 1335-6631
|t Szabad újság
|g Roč. 12, č. 8 (2004), s. 8
|
| 850 |
|
|
|a Slovenská národná knižnica v Martine
|
| 852 |
|
|
|a SNK
|b KIS3GCP
|
| 958 |
|
|
|a HU
|
| 958 |
|
|
|a SK
|
| 999 |
|
|
|c 1898021
|d 1899951
|